[Event "Menorca op 3rd"]
[Site "Ciutadella de Menorca"]
[Date "2024.04.02"]
[Round "1"]
[White "Idani, Pouya"]
[Black "Molina Carretero, Daniel"]
[Result "1-0"]
[WhiteElo "2602"]
[BlackElo "2174"]
[PlyCount "49"]
[EventDate "2024.04.02"]
[EventType "swiss"]
[EventRounds "9"]
[EventCountry "ESP"]
[SourceTitle "CB15_2024"]
[SourceDate "2024.04.10"]
[SourceVersion "1"]
[SourceVersionDate "2024.04.10"]
[SourceQuality "1"]

1. e4 c6 2. d4 d5 3. exd5 cxd5 4. Bd3 Nc6 5. c3 e6 6. Nf3 Bd6 7. 0-0 Nge7 8. Re1 0-0 9. b3 f6 10. c4 a6 11. Nc3 Kh8 12. Bb2 Bc7 13. Ba3 Ba5 14. Bc2 e5 15. cxd5 Bxc3 16. Qd3 e4 17. Qxc3 exf3 18. dxc6 Rf7 19. Bxe7 Rxe7 20. Rxe7 Qxe7 21. Re1 Qf7 22. Qc4 Qxc4 23. bxc4 Kg8 24. Re8+ Kf7 25. Rd8 1-0

[Event "Wch Blitz"]
[Site "Samarkand"]
[Date "2023.12.30"]
[Round "14"]
[White "Martirosyan, Haik M"]
[Black "Idani, Pouya"]
[Result "0-1"]
[WhiteElo "2678"]
[BlackElo "2602"]
[PlyCount "24"]
[EventDate "2023.12.29"]
[EventType "swiss (blitz)"]
[EventRounds "21"]
[EventCountry "UZB"]
[SourceTitle "CB01_2024"]
[SourceDate "2024.01.03"]
[SourceVersion "1"]
[SourceVersionDate "2024.01.03"]
[SourceQuality "1"]

1. d4 Nf6 2. c4 e6 3. Nf3 c5 4. d5 d6 5. Nc3 exd5 6. cxd5 g6 7. Bf4 Bg7 8. h3 b5 9. Nxb5 Qa5+ 10. Nc3 Ne4 11. Bd2 Nxd2 12. Qxd2 0-0 0-1

[Event "Wch Blitz"]
[Site "Samarkand"]
[Date "2023.12.29"]
[Round "6"]
[White "Abdurakhmanov, Mukhmmadali"]
[Black "Idani, Pouya"]
[Result "0-1"]
[WhiteElo "2409"]
[BlackElo "2602"]
[PlyCount "162"]
[EventDate "2023.12.29"]
[EventType "swiss (blitz)"]
[EventRounds "21"]
[EventCountry "UZB"]
[SourceTitle "CB01_2024"]
[SourceDate "2024.01.03"]
[SourceVersion "1"]
[SourceVersionDate "2024.01.03"]
[SourceQuality "1"]

1. d4 Nf6 2. Bg5 d5 3. e3 c5 4. Bxf6 gxf6 5. dxc5 e6 6. Nf3 Bxc5 7. Be2 Nc6 8. 0-0 0-0 9. c4 d4 10. b4 Bxb4 11. exd4 f5 12. a3 Be7 13. Ra2 Bf6 14. Rd2 Ne7 15. Nc3 Ng6 16. Re1 b6 17. Bf1 Bb7 18. g3 Rc8 19. h4 Kh8 20. h5 Ne7 21. Ne5 Nc6 22. Bg2 Na5 23. Bxb7 Nxb7 24. d5 Bxe5 25. Rxe5 Qf6 26. f4 Rg8 27. Qf3 Rxc4 28. dxe6 fxe6 29. Ne2 Nc5 30. Rd6 Re4 31. Rxe4 Nxe4 32. Rd7 a5 33. Kg2 b5 34. Qd3 b4 35. axb4 axb4 36. Qb5 Qb2 37. Kh3 Nf2+ 38. Kg2 Ng4 39. Rd4 Ne3+ 40. Kh3 Ng4 41. Rxb4 Qa1 42. Rb1 Qf6 43. Qb2 e5 44. fxe5 Nxe5 45. Nf4 Qg7 46. Qc3 Qg4+ 47. Kh2 Qg7 48. Kh3 Qg4+ 49. Kh2 Qg7 50. Kg2 Ng4 51. Qxg7+ Kxg7 52. Rb7+ Kh6 53. Rb6+ Kg5 54. Rb7 Nf6 55. Kh3 h6 56. Rb5 Re8 57. Ra5 Re3 58. Ng2 Rf3 59. Nh4 Rf2 60. Ng2 Nxh5 61. Nh4 Nf6 62. Ng2 h5 63. Ra8 Rb2 64. Ra7 Ne4 65. Nf4 Rb3 66. Rg7+ Kh6 67. Rg8 Ng5+ 68. Kg2 Rb2+ 69. Kf1 Ne4 70. Rh8+ Kg5 71. Nxh5 Kg4 72. Ke1 Kf3 73. Kd1 Ke3 74. Kc1 Rh2 75. Rh7 Kd3 76. Rd7+ Kc3 77. Rc7+ Kb3 78. Ng7 Nxg3 79. Rf7 Rf2 80. Kd1 Kc3 81. Ne6 Rf1# 0-1

[Event "Wch Blitz"]
[Site "Samarkand"]
[Date "2023.12.29"]
[Round "8"]
[White "Idani, Pouya"]
[Black "Rakhmatullaev, Almas"]
[Result "1/2-1/2"]
[WhiteElo "2602"]
[BlackElo "2383"]
[PlyCount "69"]
[EventDate "2023.12.29"]
[EventType "swiss (blitz)"]
[EventRounds "21"]
[EventCountry "UZB"]
[SourceTitle "CB01_2024"]
[SourceDate "2024.01.03"]
[SourceVersion "1"]
[SourceVersionDate "2024.01.03"]
[SourceQuality "1"]

1. e4 c5 2. Nf3 e6 3. c3 Nf6 4. e5 Nd5 5. a3 Nc6 6. d4 cxd4 7. cxd4 d6 8. Bd3 Be7 9. 0-0 b6 10. Qe2 Bb7 11. Rd1 Qc7 12. g3 h5 13. h4 0-0-0 14. b4 Kb8 15. Ra2 dxe5 16. dxe5 Ncxb4 17. axb4 Nxb4 18. Rad2 Qc6 19. Kg2 g5 20. Bb5 Qc5 21. Rxd8+ Rxd8 22. Rxd8+ Bxd8 23. Bxg5 Bxg5 24. hxg5 Nc2 25. Kh2 Bxf3 26. Qxf3 Qxb5 27. Qxf7 Ne1 28. Qf8+ Kb7 29. Qe7+ Ka6 30. Qa3+ Kb7 31. Qe7+ Ka6 32. Qa3+ Kb7 33. Qe7+ Ka6 34. Qa3+ Kb7 35. Qe7+ 1/2-1/2

[Event "Wch Blitz"]
[Site "Samarkand"]
[Date "2023.12.29"]
[Round "5"]
[White "Idani, Pouya"]
[Black "Rapport, Richard"]
[Result "0-1"]
[WhiteElo "2602"]
[BlackElo "2731"]
[PlyCount "70"]
[EventDate "2023.12.29"]
[EventType "swiss (blitz)"]
[EventRounds "21"]
[EventCountry "UZB"]
[SourceTitle "CB01_2024"]
[SourceDate "2024.01.03"]
[SourceVersion "1"]
[SourceVersionDate "2024.01.03"]
[SourceQuality "1"]

1. e4 Nf6 2. e5 Nd5 3. d4 d6 4. c4 Nb6 5. f4 dxe5 6. fxe5 Bf5 7. Nc3 e6 8. Be3 Nc6 9. Nf3 Be7 10. Be2 0-0 11. 0-0 f6 12. exf6 Bxf6 13. h3 h6 14. Qd2 Qe7 15. Rad1 Rad8 16. Kh1 Kh8 17. Bg1 Rd7 18. c5 Nd5 19. Bb5 Qd8 20. Rde1 Nde7 21. g4 Bh7 22. Rxe6 a6 23. Bxc6 Nxc6 24. d5 Bg8 25. Re4 Bxc3 26. Qxc3 Bxd5 27. Re3 Rdf7 28. Kh2 Qf6 29. Qxf6 Rxf6 30. Kg3 Nd4 31. Nxd4 Rxf1 32. Bh2 R1f2 33. h4 Rxb2 34. Nf5 Rg2+ 35. Kh3 h5 0-1

[Event "Wch Blitz"]
[Site "Samarkand"]
[Date "2023.12.29"]
[Round "2"]
[White "Vakhidov, Daler"]
[Black "Idani, Pouya"]
[Result "0-1"]
[WhiteElo "2175"]
[BlackElo "2602"]
[PlyCount "94"]
[EventDate "2023.12.29"]
[EventType "swiss (blitz)"]
[EventRounds "21"]
[EventCountry "UZB"]
[SourceTitle "CB01_2024"]
[SourceDate "2024.01.03"]
[SourceVersion "1"]
[SourceVersionDate "2024.01.03"]
[SourceQuality "1"]

1. d4 d5 2. Nf3 Nf6 3. g3 e6 4. Bg2 Be7 5. 0-0 0-0 6. c4 c6 7. Qc2 b6 8. Nbd2 c5 9. e4 Nc6 10. dxc5 bxc5 11. exd5 exd5 12. cxd5 Nxd5 13. Nb3 Ndb4 14. Qe4 Ba6 15. Re1 Bd3 16. Qg4 Nc2 17. Bh6 Bg6 18. Red1 Qc8 19. Qxc8 Raxc8 20. Be3 Nxa1 21. Rxa1 Nb4 22. Rc1 c4 23. Na5 Nxa2 24. Rxc4 Rxc4 25. Nxc4 Rc8 26. Nfe5 a6 27. Bb7 Rd8 28. Bxa6 Be4 29. f3 Nb4 30. fxe4 Nxa6 31. Nc6 Re8 32. Nxe7+ Rxe7 33. e5 Rb7 34. Kf2 Rb4 35. Nd6 Rxb2+ 36. Kg1 Nb4 37. Nf5 Nd5 38. Bd4 Rd2 39. Bf2 h5 40. Kg2 g6 41. Nd4 Rd3 42. h3 Kh7 43. g4 hxg4 44. hxg4 Nf4+ 45. Kh2 Rd2 46. Kg3 Rxd4 47. Bxd4 Ne2+ 0-1

[Event "Wch Blitz"]
[Site "Samarkand"]
[Date "2023.12.29"]
[Round "9"]
[White "Xue, Haowen"]
[Black "Idani, Pouya"]
[Result "0-1"]
[WhiteElo "2455"]
[BlackElo "2602"]
[PlyCount "110"]
[EventDate "2023.12.29"]
[EventType "swiss (blitz)"]
[EventRounds "21"]
[EventCountry "UZB"]
[SourceTitle "CB01_2024"]
[SourceDate "2024.01.03"]
[SourceVersion "1"]
[SourceVersionDate "2024.01.03"]
[SourceQuality "1"]

1. d4 d5 2. Nf3 Nf6 3. g3 e6 4. Bg2 Be7 5. 0-0 0-0 6. c4 c6 7. Nc3 a5 8. Ne5 Nfd7 9. Bf4 Nxe5 10. dxe5 Na6 11. Qd2 dxc4 12. Rad1 Qxd2 13. Rxd2 Nb4 14. Ne4 Nxa2 15. Ra1 Nb4 16. Nd6 Bxd6 17. exd6 Nd5 18. Rd4 b5 19. Bd2 e5 20. Bxd5 exd4 21. Bxc6 Ra6 22. Bxb5 Rxd6 23. Bxc4 Ba6 24. Bxa6 Rxa6 25. Ra4 Rb8 26. Rxd4 a4 27. Bb4 h6 28. Kg2 Re8 29. e3 Rc6 30. Ba3 Rc2 31. Kf1 Re6 32. Rxa4 Rf6 33. Rf4 Rxf4 34. exf4 f5 35. Kg2 Kf7 36. Kf3 Ke6 37. h3 h5 38. Bf8 g6 39. b4 Kd5 40. Bc5 Rc3+ 41. Ke2 Kc4 42. f3 Rb3 43. Kf2 Kd3 44. g4 h4 45. Be7 Rb2+ 46. Ke1 Ke3 47. Kd1 Kxf3 48. gxf5 gxf5 49. Bxh4 Kxf4 50. Be7 Kg3 51. h4 f4 52. Bd6 Kg4 53. Kc1 f3 54. Kxb2 f2 55. Kc3 f1Q 0-1

[Event "Wch Rapid"]
[Site "Samarkand"]
[Date "2023.12.28"]
[Round "10"]
[White "Idani, Pouya"]
[Black "Radjabov, Teimour"]
[Result "1-0"]
[WhiteElo "2602"]
[BlackElo "2723"]
[PlyCount "123"]
[EventDate "2023.12.26"]
[EventType "swiss (rapid)"]
[EventRounds "13"]
[EventCountry "UZB"]
[SourceTitle "CB01_2024"]
[SourceDate "2024.01.03"]
[SourceVersion "1"]
[SourceVersionDate "2024.01.03"]
[SourceQuality "1"]

1. e4 e5 2. Nf3 Nc6 3. Bc4 Bc5 4. b4 Bxb4 5. c3 Ba5 6. d4 d6 7. Qb3 Qd7 8. 0-0 Bb6 9. Nbd2 Na5 10. Qc2 Nxc4 11. Nxc4 Qc6 12. Nxb6 axb6 13. dxe5 dxe5 14. Nxe5 Qa4 15. Qd3 Nf6 16. Bg5 0-0 17. Bxf6 gxf6 18. Nf3 c5 19. e5 Qf4 20. Rfe1 Be6 21. Re4 Qh6 22. Qb5 f5 23. Rh4 Qg6 24. c4 Ra3 25. Rh3 Ra5 26. Qxb6 f4 27. Rh4 Ra6 28. Qxb7 Rfa8 29. Rxf4 Rxa2 30. Qxa8+ Rxa8 31. Rxa8+ Kg7 32. h4 h6 33. Ra5 Qc2 34. g3 Qc1+ 35. Kh2 Qf1 36. Nd2 Qe1 37. Ra2 Qxe5 38. Ne4 Bf5 39. f3 Bg6 40. Kg2 h5 41. Nf2 Bf5 42. Rd2 Be6 43. Ne4 Bxc4 44. Nd6 Be6 45. Ne8+ Kg6 46. Nf6 c4 47. Ne4 Kg7 48. Rc2 Bd5 49. Nc3 Be6 50. Ne4 Bd5 51. Nc3 Be6 52. Re4 Qd6 53. Rce2 Qd3 54. R4e3 Qf5 55. Re5 Qd3 56. R5e3 Qf5 57. Ne4 Qh3+ 58. Kg1 Bd5 59. Nc3 Be6 60. Re5 Kf8 61. Ne4 f5 62. Rh2 1-0

[Event "Wch Rapid"]
[Site "Samarkand"]
[Date "2023.12.27"]
[Round "7"]
[White "Sandipan, Chanda"]
[Black "Idani, Pouya"]
[Result "0-1"]
[WhiteElo "2486"]
[BlackElo "2602"]
[PlyCount "96"]
[EventDate "2023.12.26"]
[EventType "swiss (rapid)"]
[EventRounds "13"]
[EventCountry "UZB"]
[SourceTitle "CB01_2024"]
[SourceDate "2024.01.03"]
[SourceVersion "1"]
[SourceVersionDate "2024.01.03"]
[SourceQuality "1"]

1. d4 d5 2. Nf3 Nf6 3. Bf4 c5 4. e3 Nc6 5. h3 e6 6. Bd3 Qb6 7. Nc3 c4 8. Be2 Qxb2 9. Na4 Qa3 10. Nc5 Bxc5 11. dxc5 Qxc5 12. 0-0 Ne4 13. Ne5 Nc3 14. Qd2 Nxe2+ 15. Qxe2 0-0 16. Nxc6 Qxc6 17. Be5 f6 18. Bc3 e5 19. f4 exf4 20. Rxf4 Be6 21. Bd4 Bf7 22. h4 Bg6 23. h5 Be4 24. h6 g5 25. Qg4 Rf7 26. Raf1 f5 27. Qxg5+ Qg6 28. Qxg6+ hxg6 29. c3 Kh7 30. Bg7 Re8 31. g4 Bd3 32. R1f3 g5 33. Rd4 Be4 34. Rf1 f4 35. exf4 gxf4 36. Re1 Re6 37. Kf2 Rg6 38. Rg1 Ra6 39. Rd2 Ra3 40. Rc1 b5 41. g5 Rxg7 42. hxg7 Kxg7 43. Rb2 a6 44. Ke1 Kg6 45. Kf2 a5 46. Rxb5 Rxa2+ 47. Kf1 Bd3+ 48. Kg1 f3 0-1

[Event "Wch Rapid"]
[Site "Samarkand"]
[Date "2023.12.26"]
[Round "2"]
[White "Idani, Pouya"]
[Black "Nihal, Sarin"]
[Result "0-1"]
[WhiteElo "2602"]
[BlackElo "2688"]
[PlyCount "92"]
[EventDate "2023.12.26"]
[EventType "swiss (rapid)"]
[EventRounds "13"]
[EventCountry "UZB"]
[SourceTitle "CB01_2024"]
[SourceDate "2024.01.03"]
[SourceVersion "1"]
[SourceVersionDate "2024.01.03"]
[SourceQuality "1"]

1. e4 c5 2. Nf3 d6 3. Bb5+ Bd7 4. Bxd7+ Nxd7 5. 0-0 Ngf6 6. Qe2 e6 7. d4 cxd4 8. Nxd4 Be7 9. c4 0-0 10. Nc3 a6 11. Be3 Rc8 12. Rac1 Ne5 13. b3 Neg4 14. Bd2 Qb6 15. Nf3 Nd7 16. Bf4 Nge5 17. Rfd1 Rfd8 18. Nxe5 Nxe5 19. c5 Qb4 20. Na4 Ng6 21. Bxd6 Bxd6 22. cxd6 Rxc1 23. Rxc1 Qxd6 24. g3 Ne5 25. Kg2 g5 26. Nb2 Qd2 27. Rc2 Qxe2 28. Rxe2 g4 29. h3 h5 30. hxg4 hxg4 31. Rc2 b5 32. a4 Rd4 33. axb5 axb5 34. Kf1 Nf3 35. Ke2 Rxe4+ 36. Kd3 Rd4+ 37. Ke3 f5 38. Rc7 Rb4 39. Rc3 Kf7 40. Kd3 Rd4+ 41. Ke3 Kf6 42. Rc5 Rb4 43. Rc3 e5 44. Rc6+ Kg5 45. Rc3 Re4+ 46. Kd3 Rd4+ 0-1

[Event "Wch Rapid"]
[Site "Samarkand"]
[Date "2023.12.26"]
[Round "1"]
[White "Yonal, Timur"]
[Black "Idani, Pouya"]
[Result "0-1"]
[WhiteElo "2003"]
[BlackElo "2602"]
[PlyCount "96"]
[EventDate "2023.12.26"]
[EventType "swiss (rapid)"]
[EventRounds "13"]
[EventCountry "UZB"]
[SourceTitle "CB01_2024"]
[SourceDate "2024.01.03"]
[SourceVersion "1"]
[SourceVersionDate "2024.01.03"]
[SourceQuality "1"]

1. e4 c5 2. Nc3 Nc6 3. Bb5 Nd4 4. Bc4 g6 5. d3 Bg7 6. Nge2 e6 7. 0-0 a6 8. a4 Ne7 9. Nxd4 cxd4 10. Ne2 d5 11. exd5 Nxd5 12. Re1 0-0 13. a5 Ne7 14. Bg5 h6 15. Bxe7 Qxe7 16. Qd2 Bd7 17. Rab1 Bc6 18. c3 dxc3 19. bxc3 Rac8 20. Qe3 Qg5 21. Qxg5 hxg5 22. Rb3 Rfd8 23. Ra1 Rc7 24. Ng3 Kh7 25. f3 Bd5 26. Ne4 Kh6 27. Rab1 Bxc4 28. dxc4 f5 29. Ng3 Rxc4 30. Rxb7 Bxc3 31. Re7 Rd6 32. Rbb7 g4 33. Ne2 gxf3 34. gxf3 Bd2 35. Kg2 Kg5 36. Rb6 Rcc6 37. Rxc6 Rxc6 38. Nd4 Rd6 39. Nb3 Be3 40. Rf7 Rd3 41. Rb7 Rc3 42. Rb4 Rc2+ 43. Kh1 e5 44. h4+ Kh5 45. Ra4 f4 46. Re4 Kxh4 47. Rxe5 Kh3 48. Nd2 Rc1+ 0-1

[Event "Titled Tuesday intern op 14th Nov Early"]
[Site "Chess.com INT"]
[Date "2023.11.14"]
[Round "4"]
[White "Idani, Pouya"]
[Black "Aravindh, Chithambaram VR"]
[Result "1-0"]
[WhiteElo "2615"]
[BlackElo "2638"]
[PlyCount "95"]
[EventDate "2023.11.14"]
[EventType "swiss (blitz)"]
[EventRounds "11"]
[EventCountry "USA"]
[SourceTitle "CB47_2023"]
[SourceDate "2023.11.22"]
[SourceVersion "1"]
[SourceVersionDate "2023.11.22"]
[SourceQuality "1"]

1. e4 e6 2. d4 d5 3. e5 c5 4. c3 Bd7 5. Nf3 Qb6 6. Bd3 Bb5 7. dxc5 Bxc5 8. b4 Bxd3 9. Qxd3 Be7 10. 0-0 Nc6 11. Be3 Qc7 12. Nbd2 Nh6 13. Bxh6 gxh6 14. Rfe1 0-0-0 15. Nb3 Kb8 16. a4 Rdg8 17. a5 a6 18. b5 axb5 19. a6 b6 20. Nbd4 Na7 21. Nxb5 Qc4 22. Qxc4 dxc4 23. Nxa7 Kxa7 24. Nd4 Rc8 25. Nb5+ Ka8 26. Re4 Rc5 27. Rb1 Rd8 28. g3 Rdd5 29. Nd4 Bd8 30. Rf4 Rd7 31. Nb5 h5 32. Nd6 f5 33. Rxc4 Rxc4 34. Nxc4 Ka7 35. Nd6 Be7 36. Nc8+ Kxa6 37. Rxb6+ Ka5 38. Rxe6 Bc5 39. Nd6 Ra7 40. Nxf5 Kb5 41. Rf6 Kc4 42. e6 Kd3 43. Rf7 Ra1+ 44. Kg2 Ra2 45. Nd4 Kxc3 46. e7 Ra8 47. Ne6 Bd6 48. Rf8 1-0

[Event "Titled Tuesday intern op 14th Nov Early"]
[Site "Chess.com INT"]
[Date "2023.11.14"]
[Round "6"]
[White "Idani, Pouya"]
[Black "Dubov, Daniil"]
[Result "1/2-1/2"]
[WhiteElo "2615"]
[BlackElo "2710"]
[PlyCount "57"]
[EventDate "2023.11.14"]
[EventType "swiss (blitz)"]
[EventRounds "11"]
[EventCountry "USA"]
[SourceTitle "CB47_2023"]
[SourceDate "2023.11.22"]
[SourceVersion "1"]
[SourceVersionDate "2023.11.22"]
[SourceQuality "1"]

1. e4 c5 2. Nf3 e6 3. c3 d5 4. e5 Nc6 5. d4 Qb6 6. a3 f6 7. Bd3 c4 8. Bc2 fxe5 9. Nxe5 Nxe5 10. dxe5 Nh6 11. Qe2 Bc5 12. Nd2 Bd7 13. Nf3 0-0-0 14. Bxh6 gxh6 15. 0-0-0 Rdf8 16. Nd4 Rf4 17. Qe3 Rhf8 18. Rhf1 Be8 19. g3 Bxd4 20. Rxd4 Rf3 21. Qxh6 Bg6 22. Bxg6 hxg6 23. Qxg6 Rxf2 24. Rxf2 Rxf2 25. Qe8+ Kc7 26. Qe7+ Kc8 27. Qe8+ Kc7 28. Qe7+ Kc8 29. Qe8+ 1/2-1/2

[Event "FIDE Grand Swiss"]
[Site "Douglas"]
[Date "2023.10.30"]
[Round "6"]
[White "Vachier Lagrave, Maxime"]
[Black "Idani, Pouya"]
[Result "1-0"]
[WhiteElo "2727"]
[BlackElo "2633"]
[PlyCount "81"]
[EventDate "2023.10.25"]
[EventType "swiss"]
[EventRounds "11"]
[EventCountry "IOM"]
[SourceTitle "Mega2024 Update 01"]
[Source "Chessbase"]
[SourceDate "2023.11.12"]
[SourceVersion "1"]
[SourceVersionDate "2023.11.12"]
[SourceQuality "1"]

1. e4 c6 2. d4 d5 3. e5 c5 4. Nf3 cxd4 5. Nxd4 Nc6 6. Bb5 Bd7 7. Nxc6 Bxc6 8. Bd3 d4 9. Qe2 e6 10. 0-0 Qd5 11. f3 Bc5 12. Kh1 Ne7 13. c4 Qd7 14. Nd2 Nf5 15. Nb3 b6 16. Nxc5 bxc5 17. Kg1 a5 18. b3 Bb7 19. Ba3 Rc8 20. Bxf5 exf5 21. e6 Qxe6 22. Rfe1 Qxe2 23. Rxe2+ Kd7 24. Rae1 Kc6 25. Re7 a4 26. R1e5 Kb6 27. Kf2 d3 28. Ke3 axb3 29. axb3 Rhd8 30. Kd2 Ra8 31. Bxc5+ Kc6 32. b4 Ra2+ 33. Kc3 Rc2+ 34. Kb3 Ba6 35. b5+ Bxb5 36. cxb5+ Kxb5 37. Bb4+ Kc6 38. Rxf7 d2 39. Re6+ Kd5 40. Rd6+ Rxd6 41. Kxc2 1-0

[Event "FIDE Grand Swiss"]
[Site "Douglas"]
[Date "2023.10.27"]
[Round "3"]
[White "Keymer, Vincent"]
[Black "Idani, Pouya"]
[Result "1-0"]
[WhiteElo "2717"]
[BlackElo "2633"]
[PlyCount "75"]
[EventDate "2023.10.25"]
[EventType "swiss"]
[EventRounds "11"]
[EventCountry "IOM"]
[SourceTitle "Mega2024 Update 01"]
[Source "Chessbase"]
[SourceDate "2023.11.12"]
[SourceVersion "1"]
[SourceVersionDate "2023.11.12"]
[SourceQuality "1"]

1. c4 e6 2. Nc3 d5 3. d4 c5 4. cxd5 exd5 5. Nf3 Nf6 6. e3 a6 7. Bd3 Nc6 8. 0-0 Bg4 9. h3 Bh5 10. Be2 c4 11. Ne5 Bxe2 12. Qxe2 Bb4 13. Nxc6 bxc6 14. Bd2 0-0 15. b3 cxb3 16. axb3 Bxc3 17. Bxc3 Qb6 18. Qc2 Rfc8 19. Rfc1 Ne4 20. Be1 h6 21. Ra5 Rab8 22. b4 Ra8 23. Qa4 Nd6 24. Ra1 Nb5 25. Rxa6 Rxa6 26. Qxa6 Qc7 27. Qa2 Qd7 28. Qc2 Re8 29. Ra6 Nxd4 30. Qc5 Qc8 31. b5 Re4 32. Kf1 Qb8 33. b6 Qh2 34. Ra8+ Kh7 35. Qxd4 Qh1+ 36. Ke2 Rxd4 37. exd4 Qxg2 38. Re8 1-0

[Event "AI Cup Play In"]
[Site "Chess.com INT"]
[Date "2023.09.18"]
[Round "2"]
[White "Idani, Pouya"]
[Black "Radjabov, Teimour"]
[Result "1/2-1/2"]
[WhiteElo "2633"]
[BlackElo "2745"]
[PlyCount "152"]
[EventDate "2023.09.18"]
[EventType "swiss (rapid)"]
[EventRounds "9"]
[EventCountry "USA"]
[SourceTitle "EXT 2024"]
[Source "ChessBase"]
[SourceDate "2023.10.10"]
[SourceVersion "1"]
[SourceVersionDate "2023.10.10"]
[SourceQuality "1"]

1. e4 e6 2. d4 d5 3. e5 c5 4. c3 Nc6 5. Nf3 Bd7 6. Be2 Rc8 7. 0-0 a6 8. dxc5 Bxc5 9. Bd3 f6 10. Qe2 fxe5 11. Nxe5 Nxe5 12. Qxe5 Nf6 13. Be3 Qb6 14. Bxc5 Rxc5 15. Qe3 0-0 16. Nd2 Rc6 17. Qxb6 Rxb6 18. b3 e5 19. f3 Re8 20. Rfe1 Rd6 21. Rad1 Bc6 22. c4 Kf8 23. cxd5 Rxd5 24. Nc4 b5 25. Ne3 Rdd8 26. Bf1 g6 27. Kf2 Bb7 28. a4 bxa4 29. bxa4 e4 30. f4 Ke7 31. Rb1 Bc8 32. Red1 Rxd1 33. Rxd1 Rd8 34. Rc1 Bb7 35. Rb1 Bc6 36. a5 Rd2+ 37. Ke1 Ra2 38. Rb6 Nd5 39. Nxd5+ Bxd5 40. Bxa6 Rxa5 41. Bb7 Ra1+ 42. Kf2 Ra2+ 43. Ke3 Ra3+ 44. Kd4 Rd3+ 45. Ke5 Bxb7 46. Rxb7+ Kf8 47. Kxe4 Rd2 48. Kf3 h5 49. h3 Kg8 50. g4 Rd3+ 51. Kg2 hxg4 52. hxg4 Ra3 53. Kf2 Rc3 54. Re7 Kf8 55. Re3 Rc4 56. Kf3 Kf7 57. g5 Ra4 58. Rb3 Ra7 59. Rd3 Re7 60. Rd5 Kg7 61. Rd6 Kf7 62. Rf6+ Kg7 63. Kg4 Re8 64. Ra6 Re7 65. Ra4 Rb7 66. f5 gxf5+ 67. Kxf5 Rb5+ 68. Kg4 Rb6 69. Kh5 Kh7 70. Ra7+ Kg8 71. g6 Rb1 72. Kg5 Rg1+ 73. Kf5 Rf1+ 74. Kg5 Rg1+ 75. Kf5 Rf1+ 76. Kg5 Rg1+ 1/2-1/2

[Event "AI Cup Play In Match"]
[Site "Chess.com INT"]
[Date "2023.09.18"]
[Round "1.2"]
[White "Idani, Pouya"]
[Black "Sarana, Alexey"]
[Result "1/2-1/2"]
[WhiteElo "2633"]
[BlackElo "2693"]
[PlyCount "127"]
[EventDate "2023.09.18"]
[EventType "k.o. (rapid)"]
[EventRounds "1"]
[EventCountry "USA"]
[SourceTitle "EXT 2024"]
[Source "ChessBase"]
[SourceDate "2023.10.10"]
[SourceVersion "1"]
[SourceVersionDate "2023.10.10"]
[SourceQuality "1"]

1. e4 c5 2. Nf3 d6 3. d4 cxd4 4. Nxd4 Nf6 5. Nc3 a6 6. Be3 e5 7. Nf3 Qc7 8. a4 Be7 9. Be2 0-0 10. 0-0 Nbd7 11. a5 b5 12. axb6 Nxb6 13. Nd2 a5 14. Nb5 Qb8 15. c4 Be6 16. Nc3 a4 17. Qc2 Bd7 18. Rfb1 Rc8 19. h3 Qc7 20. Bxb6 Qxb6 21. Nxa4 Bxa4 22. Rxa4 Rxa4 23. Qxa4 Qd4 24. Qc2 Bd8 25. Bd3 Qa7 26. b4 Bb6 27. Nb3 g6 28. g3 h5 29. Kg2 h4 30. c5 dxc5 31. bxc5 Bxc5 32. Rc1 Rc7 33. Ra1 Ba3 34. Rxa3 Rxc2 35. Rxa7 Rc3 36. Bf1 Rxb3 37. Bc4 Rc3 38. Bxf7+ Kg7 39. Bd5+ Kh6 40. g4 Nxd5 41. exd5 Rd3 42. Rd7 Kg5 43. Rd8 e4 44. Re8 Rxd5 45. Rxe4 Kf6 46. f4 Rd3 47. Re8 Rg3+ 48. Kh2 Rf3 49. Re4 Kf7 50. Ra4 Kg7 51. g5 Kf7 52. Ra7+ Kg8 53. Ra4 Rf2+ 54. Kg1 Rf3 55. Kg2 Rg3+ 56. Kh2 Rf3 57. Ra6 Kg7 58. Rf6 Rf2+ 59. Kg1 Rf3 60. Kg2 Rg3+ 61. Kh2 Rf3 62. Kg2 Rg3+ 63. Kh2 Rf3 64. Kg2 1/2-1/2

[Event "AI Cup Play In"]
[Site "Chess.com INT"]
[Date "2023.09.18"]
[Round "9"]
[White "Idani, Pouya"]
[Black "Warmerdam, Max"]
[Result "1-0"]
[WhiteElo "2633"]
[BlackElo "2645"]
[PlyCount "113"]
[EventDate "2023.09.18"]
[EventType "swiss (rapid)"]
[EventRounds "9"]
[EventCountry "USA"]
[SourceTitle "EXT 2024"]
[Source "ChessBase"]
[SourceDate "2023.10.10"]
[SourceVersion "1"]
[SourceVersionDate "2023.10.10"]
[SourceQuality "1"]

1. e4 c5 2. Nf3 d6 3. d4 cxd4 4. Nxd4 Nf6 5. Nc3 Nc6 6. Bg5 e6 7. Qd3 Bd7 8. 0-0-0 a6 9. f4 h6 10. Bh4 Be7 11. Nf3 g5 12. fxg5 Ng4 13. Bg3 hxg5 14. Kb1 Rc8 15. Be2 Nge5 16. Nxe5 Nxe5 17. Qd4 Qc7 18. Rhf1 Rh7 19. Rc1 Qc5 20. Qd2 Bc6 21. Bd3 Qa5 22. Rcd1 b5 23. h3 Rg7 24. Be1 Bb7 25. a3 Kf8 26. Bf2 Rh7 27. Bd4 b4 28. Na2 Nxd3 29. cxd3 Qb5 30. Qxb4 Qxb4 31. Nxb4 a5 32. Nc2 a4 33. Ne3 Ba6 34. Bf6 Bxf6 35. Rxf6 Ke7 36. Rf2 Rc7 37. Rdd2 Rh8 38. Nd1 Rb8 39. Ka2 Bb5 40. Nc3 Bd7 41. d4 Rc4 42. Rd3 Bc6 43. d5 Bd7 44. Rdf3 Rf8 45. Rg3 f6 46. dxe6 Bxe6 47. Kb1 Rd4 48. Kc1 Rc8 49. Re3 Bb3 50. Rd2 Rcc4 51. Rdd3 Ke6 52. Kd2 Ke5 53. Rf3 Rxd3+ 54. Kxd3 Rd4+ 55. Ke3 Be6 56. Rxf6 Rc4 57. Rf8 1-0